000 00359nam a22001577a 4500
003 OSt
008 240412b |||||||| |||| 00| 0 eng d
020 _a9789355513304
082 _a005.133 BHD
100 _aBHASIN,Harsh
245 _aData Structures With Python
250 _a1st Ed
260 _aNew Delhi
_bBPB
_c2024
300 _a402
942 _2ddc
_cBK
999 _c12459
_d12459